000 00512nam a22001937a 4500
999 _c443280
_d443280
003 UA-OsUOA
005 20191210145845.0
008 191210b un ||||| |||| 00| 0 ukr d
040 _aUA-OsUOA
_bukr
_cUA-OsUOA
_dUA-OsUOA
041 _aukr
080 _a01
090 _a01
_bЦ26
245 _aСтефан Цвейг
_bбиобиблиографический указатель
260 _aМосква
_bКнига
_c1976
300 _a115 с.
650 _a115 с.
942 _2udc
_cBK
955 _a3